| 000 | 00586cam5a220020500 4500 | ||
|---|---|---|---|
| 001 | tmp15725268 | ||
| 003 | UPRA | ||
| 005 | 20190814131619.0 | ||
| 008 | 951012s1967 ii eng u | ||
| 035 | _a(Sirsi) r24502 | ||
| 035 | _a(UPRA)tmp15725268 | ||
| 040 | _cUPRA | ||
| 100 | 1 |
_aDas, Kalipada. _6A87068.1 |
|
| 245 | 1 | 0 |
_aHandbook of operative surgery : _bwith chapters on instruments, splints and bandaging. |
| 250 | _a5th ed. | ||
| 260 |
_aCalcutta, _c1967. |
||
| 650 | 0 |
_aSurgery, Operative. _6S23697.1 |
|
| 949 |
_aRD32 _wLC _i-24228 _mMEDICAL _tBOOK _lON-SHELF |
||
| 004 | 24502 | ||
| 999 |
_c55057 _d55057 |
||